Capital pays arabes - Statistiques

Statistiques générales
  • Ce quiz a été pris 247 fois
  • Le résultat moyen est 8 sur 12
Statistiques - réponses
Pays Capital % Correct
Algérie Alger
100%
Tunisie Tunis
98%
Maroc Rabat
96%
Egypte Le Caire
93%
Arabie saoudite Riyad
69%
Libye Tripoli
66%
Yemen Sanaa
51%
Djibouti Djibouti
50%
Mauritanie Nouakchott
43%
Soudan Khartoum
40%
Oman Mascate
37%
Somalie Mogadiscio
25%
Aucun quiz correspondant
Distribution des résultats
% des personnes avec chaque résultat
Percentile par nombre de réponses
Votre historique - résultats
Vous n’avez pas pris ce quiz